Thực trạng công tác can thiệp sớm cho trẻ khiếm thính tại gia đình trên địa bàn Q. Hỉa Châu, TP Đà Nẵng
Cơ sở lý luận. Thực trạng công tác can thiệp sớm cho trẻ khiếm thính tại gia đình trên địa bàn Q. Hỉa Châu, TP Đà Nẵng
Spremljeno u:
| Glavni autor: | |
|---|---|
| Daljnji autori: | |
| Format: | Knjiga |
| Jezik: | Vietnamese |
| Izdano: |
Đại học Đà Nẵng
Trường đại học Sư Phạm
2008
|
| Serija: | Khóa luận tốt nghiệp đại học. Chuyên ngành: Sư phạm Giáo dục Đặc biệt
|
| Teme: | |
| Oznake: |
Dodaj oznaku
Bez oznaka, Budi prvi tko označuje ovaj zapis!
|
| Thư viện lưu trữ: | Mạng thư viện Đại học Đà Nẵng |
|---|
| LEADER | 01582nam a2200349 4500 | ||
|---|---|---|---|
| 001 | 000012420 | ||
| 003 | 8716 | ||
| 005 | 20120220140248.0 | ||
| 008 | 120220s2008 viesd | ||
| 041 | |a vie | ||
| 072 | |a Khóa luận tốt nghiệp | ||
| 082 | |a 371.912 |b TR-N | ||
| 100 | |a Trần, Thị Tú Nhi | ||
| 245 | |a Thực trạng công tác can thiệp sớm cho trẻ khiếm thính tại gia đình trên địa bàn Q. Hỉa Châu, TP Đà Nẵng |c Trần, Thị Tú Nhi | ||
| 260 | |a Đại học Đà Nẵng |b Trường đại học Sư Phạm |c 2008 | ||
| 300 | |a 49 tr. |b hình mhọa |c 29 cm | ||
| 490 | |a Khóa luận tốt nghiệp đại học. Chuyên ngành: Sư phạm Giáo dục Đặc biệt | ||
| 500 | |a Tham khảo tr.49 + phụ lục [4 tr. ] | ||
| 520 | |a Cơ sở lý luận. Thực trạng công tác can thiệp sớm cho trẻ khiếm thính tại gia đình trên địa bàn Q. Hỉa Châu, TP Đà Nẵng | ||
| 653 | |a Khóa luận tốt nghiệp đại học | ||
| 653 | |a Khoa Tâm lý - Giáo dục | ||
| 700 | |a Huỳnh, Thị Thu Hằng |c TS |e Hướng dẫn | ||
| OWN | |a LSP | ||
| AVA | |a UDN50 |b LSP |d 371.912 TR-N |e available |t Error 5001 Not defined in file expand_doc_bib_avail. |f 1 |g 0 |h N |i 0 |k 1 | ||
| 999 | |a From the UDN01 | ||
| AVA | |a UDN50 |b LSP |d 371.912 TR-N |e available |t Error 5001 Not defined in file expand_doc_bib_avail. |f 1 |g 0 |h N |i 0 |k 1 | ||
| TYP | |a Monograph | ||
| TYP | |a Printed language | ||
| 980 | |a Mạng thư viện Đại học Đà Nẵng | ||